000
00214nam a2200109Ia 4500
100
_a
#N/A
942
_c
BK
245
_a
SKOAR! The interactive edition;10 games
260
_b
#N/A
546
_a
ENGLISH
999
_c
31155
_d
31155